[Event "IRL-ch 101st"]
[Site "Dublin"]
[Date "2022.07.06"]
[Round "5"]
[White "Murray, Sam"]
[Black "Liu, Jason1"]
[Result "0-1"]
[WhiteElo "1624"]
[BlackElo "1746"]
[PlyCount "58"]
[EventDate "2022.07.02"]
[EventType "swiss"]
[EventRounds "9"]
[EventCountry "IRL"]
[SourceTitle "CBM 209 Extra"]
[Source "ChessBase"]
[SourceDate "2022.09.30"]
[SourceVersion "1"]
[SourceVersionDate "2022.09.30"]
[SourceQuality "1"]

1. e4 e6 2. b3 d5 3. Bb2 dxe4 4. Nc3 Nf6 5. g4 Nc6 6. g5 Nd5 7. Nxe4 h6 8. g6 f5 9. Ng3 Bd7 10. Nh3 Qe7 11. Bg2 0-0-0 12. Qe2 Qc5 13. c4 Nd4 14. Bxd4 Qxd4 15. 0-0 Nf6 16. Qe3 Qxe3 17. fxe3 Bd6 18. Nf4 Rhe8 19. Nfh5 Rg8 20. d4 Be8 21. Nf4 Bxf4 22. Rxf4 Bxg6 23. Bh3 Nh5 24. Nxh5 Bxh5 25. Rh4 Bf7 26. Rf1 h5 27. Rhf4 g6 28. Rd1 c5 29. Kf2 g5 0-1

[Event "Dublin Irish op"]
[Site "Dublin"]
[Date "2019.04.21"]
[Round "8"]
[White "Opseth, Oliver"]
[Black "Murray, Sam"]
[Result "0-1"]
[WhiteElo "1739"]
[BlackElo "1554"]
[PlyCount "112"]
[EventDate "2019.04.17"]
[EventType "swiss"]
[EventRounds "9"]
[EventCountry "IRL"]
[SourceTitle "CBM 190 Extra"]
[Source "ChessBase"]
[SourceDate "2019.07.15"]
[SourceVersion "1"]
[SourceVersionDate "2019.07.15"]
[SourceQuality "1"]

1. d4 Nf6 2. Bf4 c6 3. e3 g5 4. Bg3 h5 5. Nd2 d5 6. Bd3 h4 7. Be5 Nbd7 8. c4 Nxe5 9. dxe5 Ng4 10. Ngf3 Bg7 11. Qb3 e6 12. h3 Nxe5 13. Nxe5 Bxe5 14. 0-0-0 Qb6 15. Qc2 Bd7 16. Rhf1 Bf6 17. e4 a5 18. f4 a4 19. c5 Qa5 20. a3 gxf4 21. Rxf4 Be7 22. exd5 cxd5 23. Nf3 Rc8 24. Kb1 Bxc5 25. Qe2 Qc7 26. Ne5 Bd6 27. Nxf7 Bxf4 28. Nxh8 Qe5 29. Qg4 Qg5 30. Qf3 Qg3 31. Qh5+ Ke7 32. Ng6+ Kd6 33. Nxf4 Qxf4 34. Qe2 Rf8 35. Qe1 Ke7 36. Qc3 Rc8 37. Qg7+ Kd6 38. Qg6 b5 39. Be4 Rc1+ 40. Rxc1 Qxe4+ 41. Qxe4 dxe4 42. Rd1+ Kc7 43. Kc2 Bc6 44. Re1 Kd6 45. Kc3 Ke5 46. Rf1 e3 47. Kd3 Bxg2 48. Re1 Kd5 49. Rxe3 e5 50. Re1 Bxh3 51. Ke3 Bg2 52. Rd1+ Kc4 53. Rd2 h3 54. Kf2 e4 55. Rd8 Kb3 56. Rd2 e3+ 0-1

[Event "Dublin Irish op"]
[Site "Dublin"]
[Date "2019.04.19"]
[Round "4"]
[White "Murray, Sam"]
[Black "Honner, Mervyn"]
[Result "1-0"]
[WhiteElo "1554"]
[BlackElo "1441"]
[PlyCount "61"]
[EventDate "2019.04.17"]
[EventType "swiss"]
[EventRounds "9"]
[EventCountry "IRL"]
[SourceTitle "CBM 190 Extra"]
[Source "ChessBase"]
[SourceDate "2019.07.15"]
[SourceVersion "1"]
[SourceVersionDate "2019.07.15"]
[SourceQuality "1"]

1. e4 e5 2. f4 exf4 3. Bc4 Be7 4. Nc3 Bh4+ 5. Kf1 c6 6. Qh5 d5 7. exd5 Qe7 8. Nf3 g5 9. Nxh4 gxh4 10. dxc6 Nxc6 11. d3 Nf6 12. Qxh4 f3 13. Bg5 fxg2+ 14. Kxg2 Rg8 15. Rhe1 Be6 16. Kh1 Rg6 17. Nd5 Bxd5+ 18. Bxd5 Ne5 19. d4 Qd6 20. Rxe5+ Kd7 21. Bxf6 Rxf6 22. Rae1 Kc7 23. Re7+ Kb6 24. Rxb7+ Ka6 25. Bg2 Rh6 26. Rd7 Qf8 27. Qf2 Rb8 28. Bf1+ Kb6 29. d5+ Qc5 30. Re3 Rb7 31. Rb3+ 1-0

[Event "IRL-chT"]
[Site "Dublin"]
[Date "2019.04.07"]
[Round "4.4"]
[White "Murray, Sam"]
[Black "Higgins, Kenneth"]
[Result "0-1"]
[WhiteElo "1554"]
[BlackElo "1835"]
[PlyCount "44"]
[EventDate "2019.04.05"]
[EventType "team-swiss"]
[EventRounds "5"]
[EventCountry "IRL"]
[SourceTitle "CBM 189 Extra"]
[Source "ChessBase"]
[SourceDate "2019.05.31"]
[SourceVersion "1"]
[SourceVersionDate "2019.05.31"]
[SourceQuality "1"]
[WhiteTeam "UCD"]
[BlackTeam "Ballinasloe"]
[WhiteTeamCountry "IRL"]
[BlackTeamCountry "IRL"]

1. e4 d6 2. Nc3 c5 3. f4 Nc6 4. Nf3 Bg4 5. Bb5 Nf6 6. h3 Bxf3 7. Qxf3 Qc7 8. Nd5 Nxd5 9. exd5 a6 10. Bxc6+ bxc6 11. dxc6 Rc8 12. b3 Qxc6 13. Qxc6+ Rxc6 14. Bb2 d5 15. Kf2 e6 16. Rae1 c4 17. bxc4 Rxc4 18. f5 Rxc2 19. Bc3 Bc5+ 20. Kf3 0-0 21. f6 d4 22. fxg7 Rc8 0-1